000
00229 a2200097 4500
001
36620
100
_a
Safdar Mahmood
245
_a
Pakistan divided
260
_a
Pakistan
_b
Institute of Islamic culture
_c
090
_c
23670
_d
23670
942
_a
NUST-CAE
_c
M
_c
15192
999
_c
271693
_d
271693